[Event "7th Batavia GM 2015"]
[Site "Amsterdam NED"]
[Date "2015.02.24"]
[Round "5.2"]
[White "Gormally, Daniel W"]
[Black "Zwirs, Nico"]
[Result "1/2-1/2"]
[WhiteTitle "GM"]
[WhiteElo "2489"]
[BlackElo "2358"]
[WhiteFideId "406465"]
[BlackFideId "1036432"]
[EventDate "2015.02.20"]

1. e4 c5 2. Nf3 d6 3. d4 cxd4 4. Nxd4 Nf6 5. Nc3 a6 6. f3 e5 7. Nb3 Be6 8. Be3
Be7 9. Qd2 Nbd7 10. g4 O-O 11. O-O-O b5 12. g5 b4 13. Ne2 Ne8 14. f4 a5 15. Kb1
Nb6 16. Bxb6 Qxb6 17. f5 Bd7 18. Ng3 a4 19. Nc1 Qa5 20. h4 b3 21. cxb3 axb3 22.
Qxa5 Rxa5 23. Nxb3 Ra7 24. Bc4 Kh8 25. Rhg1 Nc7 26. Nh5 Bc6 27. f6 Bxe4+ 28. Bd3
Bxd3+ 29. Rxd3 gxf6 30. gxf6 Bd8 31. Rxd6 Ne6 32. Rgd1 h6 33. Nc5 Nxc5 34. Rxd8
Rxd8 35. Rxd8+ Kh7 36. Rd5 Nd7 37. Ng3 Kg6 38. Rd6 Nc5 39. Rd5 Nd7 40. Rd6 1/2-1/2

[Event "7th Batavia GM 2015"]
[Site "Amsterdam NED"]
[Date "2015.02.24"]
[Round "5.3"]
[White "Reinderman, Dimitri"]
[Black "Soors, Stef"]
[Result "1/2-1/2"]
[WhiteTitle "GM"]
[BlackTitle "IM"]
[WhiteElo "2586"]
[BlackElo "2407"]
[WhiteFideId "1001302"]
[BlackFideId "209511"]
[EventDate "2015.02.20"]

1. c4 e5 2. g3 Nc6 3. Nc3 Bc5 4. Bg2 d6 5. e3 a6 6. Nge2 Nf6 7. O-O O-O 8. d4
Ba7 9. h3 h6 10. b3 Re8 11. Bb2 Bf5 12. dxe5 Nxe5 13. Nd4 Bxd4 14. exd4 Nd3 15.
Qd2 Rb8 16. a4 c6 17. a5 Nxb2 18. Qxb2 Qd7 19. Kh2 Be4 20. Nxe4 Nxe4 21. Rae1
Nf6 22. b4 d5 23. b5 cxb5 24. cxb5 axb5 25. Rb1 b6 26. a6 Ra8 27. Qxb5 Qxb5 28.
Rxb5 Rxa6 1/2-1/2

[Event "7th Batavia GM 2015"]
[Site "Amsterdam NED"]
[Date "2015.02.24"]
[Round "5.4"]
[White "Ootes, Lars"]
[Black "Heimann, Andreas"]
[Result "1/2-1/2"]
[BlackTitle "IM"]
[WhiteElo "2366"]
[BlackElo "2539"]
[WhiteFideId "1019708"]
[BlackFideId "24624632"]
[EventDate "2015.02.20"]

1. e4 e5 2. Nf3 Nc6 3. Bb5 a6 4. Ba4 Nf6 5. O-O Be7 6. Re1 b5 7. Bb3 d6 8. c3
O-O 9. d4 Bg4 10. Be3 exd4 11. cxd4 Na5 12. Bc2 c5 13. Nc3 Nc4 14. dxc5 dxc5 15.
e5 Qxd1 16. Raxd1 Nd7 17. h3 Nxe3 18. Rxe3 Be6 19. Nd5 Bxd5 20. Rxd5 Nb6 21. Rd1
Nc4 22. Re2 Rad8 23. Rb1 g6 24. Be4 Rd7 25. Rbe1 Rfd8 26. g4 Nb6 27. Bc2 Nd5 28.
e6 Rd6 29. exf7+ Kxf7 30. a4 Bf6 31. axb5 axb5 32. Ne5+ Kg7 33. Re4 Nb4 34. Bb1
Rd1 35. Kg2 R8d2 36. g5 Bxe5 37. Rxe5 Rxe1 38. Rxe1 Rxb2 39. Be4 Kf8 40. h4 c4
41. h5 Nd3 42. Bxd3 cxd3 43. hxg6 hxg6 44. Re5 d2 45. Rd5 b4 46. Kf3 b3 47. Ke3
Rc2 48. Rxd2 b2 49. Rd8+ Ke7 50. Rb8 Kd6 51. f4 Kd5 52. f5 gxf5 53. Kf4 Rf2+ 54.
Kg3 Rc2 55. Kf4 Rf2+ 56. Kg3 Rd2 57. g6 Ke4 58. Rb4+ Ke3 59. g7 f4+ 60. Kh3 Rd8
61. Rxb2 Rg8 62. Rb7 f3 63. Rf7 f2 64. Kg2 Ke4 65. Kxf2 Ke5 66. Kf3 Ke6 67. Ra7
Kf6 68. Kf4 Rxg7 69. Rxg7 Kxg7 1/2-1/2

[Event "7th Batavia GM 2015"]
[Site "Amsterdam NED"]
[Date "2015.02.24"]
[Round "5.5"]
[White "Goudriaan, Etienne"]
[Black "Van Foreest, Jorden"]
[Result "0-1"]
[WhiteTitle "IM"]
[BlackTitle "IM"]
[WhiteElo "2349"]
[BlackElo "2494"]
[WhiteFideId "1021150"]
[BlackFideId "1039784"]
[EventDate "2015.02.20"]

1. d4 d5 2. c4 c6 3. Nc3 Nf6 4. e3 Bf5 5. Qb3 Qb6 6. c5 Qc7 7. Nf3 Nbd7 8. Be2
e5 9. Bd2 Be7 10. h3 O-O 11. g4 Bg6 12. Nh4 Be4 13. Nxe4 Nxe4 14. Nf5 Rfe8 15.
Bc3 exd4 16. Bxd4 Ndxc5 17. Qd1 Ne6 18. O-O Nxd4 19. Nxe7+ Qxe7 20. Qxd4 Qh4 21.
Kg2 Re6 22. Bf3 Rh6 23. Rh1 Qxf2# 0-1

[Event "7th Batavia GM 2015"]
[Site "Amsterdam NED"]
[Date "2015.02.26"]
[Round "6.1"]
[White "Heimann, Andreas"]
[Black "Schmaltz, Roland"]
[Result "1/2-1/2"]
[WhiteTitle "IM"]
[BlackTitle "GM"]
[WhiteElo "2539"]
[BlackElo "2527"]
[WhiteFideId "24624632"]
[BlackFideId "4614054"]
[EventDate "2015.02.20"]

1. Nf3 g6 2. d4 Bg7 3. c4 Nf6 4. Nc3 O-O 5. e4 d6 6. Be2 Na6 7. O-O e5 8. Re1 c6
9. Be3 Ng4 10. Bg5 f6 11. Bh4 exd4 12. Nxd4 Nh6 13. Qd2 Nf7 14. f4 Re8 15. Bf2
Nc5 16. Bf3 a5 17. b3 Bd7 18. Rad1 Re7 19. a3 Bh6 20. Be3 Qe8 21. b4 axb4 22.
axb4 Ne6 23. Nb3 Nf8 24. c5 Be6 25. cxd6 Nxd6 26. Na5 Nf7 27. Na4 Rd8 28. Qf2
Rxd1 29. Rxd1 Qb8 30. g3 Nd7 31. Nc5 Nxc5 32. Bxc5 Re8 33. Bb6 Qc8 34. Qb2 Bg4
35. Qb3 Bxf3 36. Qxf3 Qe6 37. Nxb7 Qxe4 38. Qxe4 Rxe4 39. Bc5 Bf8 40. Na5 Bxc5+
41. bxc5 Re6 42. Kf2 Kf8 43. Rd7 h6 44. Kf3 f5 45. Rc7 Nd8 46. Nc4 Nf7 47. h3 g5
48. Ne3 Rf6 49. Nc2 Nd8 50. Kf2 Rf7 51. Rxf7+ Kxf7 52. Nd4 Kf6 53. Ke3 Nb7 1/2-1/2

[Event "7th Batavia GM 2015"]
[Site "Amsterdam NED"]
[Date "2015.02.26"]
[Round "6.2"]
[White "Soors, Stef"]
[Black "Goudriaan, Etienne"]
[Result "0-1"]
[WhiteTitle "IM"]
[BlackTitle "IM"]
[WhiteElo "2407"]
[BlackElo "2349"]
[WhiteFideId "209511"]
[BlackFideId "1021150"]
[EventDate "2015.02.20"]

1. e4 e5 2. Nf3 Nc6 3. Nc3 Nf6 4. Bb5 Nd4 5. Bd3 Nxf3+ 6. Qxf3 Be7 7. Qg3 d6 8.
Be2 Be6 9. d3 c6 10. O-O h5 11. f4 h4 12. Qf2 h3 13. g3 Qa5 14. Rb1 exf4 15.
gxf4 g6 16. b4 Qc7 17. Be3 b6 18. b5 c5 19. d4 d5 20. Bf3 Rd8 21. Kh1 dxe4 22.
Nxe4 Nxe4 23. Bxe4 Bd5 24. Bxd5 Rxd5 25. Qf3 Rhh5 26. c4 Rd8 27. d5 Qd7 28. Rbe1
Kf8 29. Bd2 Bd6 30. Bc3 Qf5 31. Be5 Qc2 32. Rf2 Qxc4 33. f5 Rxf5 34. Bxd6+ Rxd6
35. Qxh3 Qxd5+ 36. Rg2 Re6 37. Qh8+ Ke7 38. Rxe6+ Qxe6 39. Qh4+ Kd7 40. Rd2+ Rd5
41. Qf2 Qe4+ 42. Kg1 Rxd2 0-1

[Event "7th Batavia GM 2015"]
[Site "Amsterdam NED"]
[Date "2015.02.26"]
[Round "6.3"]
[White "Zwirs, Nico"]
[Black "Kevlishvili, Robby"]
[Result "0-1"]
[BlackTitle "FM"]
[WhiteElo "2358"]
[BlackElo "2347"]
[WhiteFideId "1036432"]
[BlackFideId "1040634"]
[EventDate "2015.02.20"]

1. e4 c5 2. Nf3 d6 3. d4 cxd4 4. Nxd4 Nf6 5. Nc3 a6 6. Bg5 e6 7. f4 h6 8. Bh4
Qb6 9. Qd3 Qxb2 10. Rb1 Qa3 11. f5 Be7 12. fxe6 fxe6 13. Be2 O-O 14. O-O Qa5 15.
Qc4 Qc5 16. Na4 Qxc4 17. Bxc4 d5 18. exd5 exd5 19. Bxf6 Bxf6 20. Bxd5+ Kh8 21.
c3 Nc6 22. Nb6 Nxd4 23. Bc4 Rb8 24. cxd4 Bxd4+ 25. Kh1 Rxf1+ 26. Bxf1 Bf5 27.
Rb4 Rd8 28. g3 Bc5 29. Rf4 Be6 30. Bc4 Bh3 31. Nd5 b5 32. Bb3 Re8 0-1

[Event "7th Batavia GM 2015"]
[Site "Amsterdam NED"]
[Date "2015.02.26"]
[Round "6.4"]
[White "Gormally, Daniel W"]
[Black "Reinderman, Dimitri"]
[Result "1/2-1/2"]
[WhiteTitle "GM"]
[BlackTitle "GM"]
[WhiteElo "2489"]
[BlackElo "2586"]
[WhiteFideId "406465"]
[BlackFideId "1001302"]
[EventDate "2015.02.20"]

1. d4 f5 2. Nf3 Nf6 3. g3 g6 4. Bg2 Bg7 5. O-O O-O 6. c4 d6 7. Nc3 c6 8. d5 e5
9. dxe6 Bxe6 10. b3 Na6 11. Bb2 Qe7 12. Nd4 Bf7 13. e3 Rad8 14. Qe2 Nc5 15. Rfd1
Nce4 16. Rac1 Rfe8 17. Nxe4 Nxe4 18. Nf3 c5 19. Bxg7 Kxg7 20. Nd2 b6 21. Nb1 d5
22. cxd5 Bxd5 23. Nd2 1/2-1/2

[Event "7th Batavia GM 2015"]
[Site "Amsterdam NED"]
[Date "2015.02.26"]
[Round "6.5"]
[White "Van Foreest, Jorden"]
[Black "Ootes, Lars"]
[Result "1-0"]
[WhiteTitle "IM"]
[WhiteElo "2494"]
[BlackElo "2366"]
[WhiteFideId "1039784"]
[BlackFideId "1019708"]
[EventDate "2015.02.20"]

1. e4 d6 2. d4 g6 3. Nc3 Bg7 4. Be3 a6 5. Nf3 Nf6 6. a4 O-O 7. h3 Nc6 8. d5 Nb4
9. Bc4 e6 10. dxe6 Bxe6 11. Bxe6 fxe6 12. O-O a5 13. Qe2 Qe7 14. Rad1 Nh5 15.
Bg5 Qf7 16. e5 dxe5 17. Nxe5 Qf5 18. Nf3 Bxc3 19. bxc3 Nd5 20. Qc4 Nhf4 21. Bxf4
Nxf4 22. Rd7 c5 23. Rb1 Rad8 24. Rxd8 Rxd8 25. Rxb7 Rd1+ 26. Kh2 Nxh3 27. gxh3
Rh1+ 28. Kxh1 Qxf3+ 29. Kg1 Qxb7 30. Qxe6+ Qf7 31. Qc8+ Qf8 32. Qxf8+ Kxf8 33.
Kg2 Ke7 34. Kf3 Kd6 35. Ke4 Ke6 36. h4 Kd6 37. c4 Ke6 38. Kf4 Kf6 39. Kg4 h6 40.
Kf4 Ke6 41. Ke4 Kd6 42. f3 Ke6 43. f4 h5 44. c3 Kf6 45. Kd5 Kf5 46. Kxc5 Kxf4
47. Kb6 g5 48. hxg5 Kxg5 49. c5 h4 50. c6 h3 51. c7 h2 52. c8=Q h1=Q 53. Qc6 Qe1
54. Kxa5 Kh4 55. Ka6 Kh3 56. a5 Qe5 57. c4 Qe7 58. c5 Qf7 59. Kb6 Qb3+ 60. Kc7
Kh2 61. a6 Kg1 62. a7 Qf7+ 63. Kb6 Qb3+ 64. Qb5 Qd5 65. c6 Qd8+ 66. Kb7 Qe7+ 67.
c7 Qe4+ 68. Qc6 1-0

[Event "7th Batavia GM 2015"]
[Site "Amsterdam NED"]
[Date "2015.02.27"]
[Round "7.1"]
[White "Ootes, Lars"]
[Black "Soors, Stef"]
[Result "1/2-1/2"]
[BlackTitle "IM"]
[WhiteElo "2366"]
[BlackElo "2407"]
[WhiteFideId "1019708"]
[BlackFideId "209511"]
[EventDate "2015.02.20"]

1. e4 c6 2. d3 d5 3. Nd2 Qc7 4. Ngf3 Bg4 5. h3 Bh5 6. g3 Nd7 7. Bg2 dxe4 8. dxe4
Ngf6 9. Qe2 e5 10. c3 a5 11. Nc4 b5 12. Ne3 Nxe4 13. Nf5 Nd6 14. g4 Nxf5 15.
gxh5 Be7 16. O-O O-O 17. Re1 Rae8 18. a4 b4 19. Ng5 Nf6 20. Qf3 Nh4 21. Qxc6
Qxc6 22. Bxc6 Rc8 23. Bh1 bxc3 24. bxc3 Rxc3 25. Rxe5 Bd6 26. Re2 Rb8 27. Bb2
Rcb3 28. Rd1 Bf4 29. Bxf6 gxf6 30. Ne4 Be5 31. h6 Rxh3 32. Red2 Kf8 33. Nc5 Rc8
34. Rd8+ Rxd8 35. Rxd8+ Ke7 36. Rd7+ Ke8 37. Bd5 Nf3+ 38. Kg2 Ng5 39. Ra7 Rh2+
40. Kf1 Bd4 41. Ra8+ Ke7 42. Nd3 Kd6 43. Rxa5 Rxh6 44. Bg2 Ne6 45. Rd5+ Kc7 46.
a5 Rh4 47. Rf5 Rg4 48. Rb5 Kd6 49. Rb8 Nc7 50. Bh3 Rh4 51. Kg2 Ba7 52. Rb7 Bd4
53. a6 Nxa6 54. Kg3 Re4 55. Rd7+ Kc6 56. Rxf7 Re2 57. Rd7 Bb6 58. Rxh7 Rd2 59.
Bd7+ Kd5 60. Bf5 Nc5 61. Nxc5 Bxc5 62. f4 Bf2+ 63. Kf3 Bd4 64. Rd7+ Kc5 1/2-1/2

[Event "7th Batavia GM 2015"]
[Site "Amsterdam NED"]
[Date "2015.02.27"]
[Round "7.2"]
[White "Goudriaan, Etienne"]
[Black "Gormally, Daniel W"]
[Result "1/2-1/2"]
[WhiteTitle "IM"]
[BlackTitle "GM"]
[WhiteElo "2349"]
[BlackElo "2489"]
[WhiteFideId "1021150"]
[BlackFideId "406465"]
[EventDate "2015.02.20"]

1. e4 c6 2. d4 d5 3. Nc3 dxe4 4. Nxe4 Nf6 5. Nxf6+ exf6 6. Bc4 Bd6 7. Qe2+ Be7
8. Nf3 O-O 9. O-O Bg4 10. Re1 Bd6 11. Qe4 f5 12. Qd3 Bxf3 13. Qxf3 Qh4 14. g3
Qxd4 15. Bd3 g6 16. Bh6 Nd7 17. Bxf8 Rxf8 18. Bf1 Ne5 19. Qe2 Qxb2 20. Bg2 b5
21. Kh1 Qc3 22. Rad1 Bc7 23. h3 Qc5 24. f4 Nc4 25. Qe7 Bd6 26. Qd7 Qa3 27. Rd3
Qa5 28. Re8 Bc5 29. Qxc6 Qxa2 30. Kh2 Kg7 31. Rxf8 Bxf8 32. Qxb5 Qxc2 33. Rd4
Nb6 34. Qe5+ f6 35. Qb8 Bc5 36. Qc7+ Kh6 37. g4 Qc3 38. g5+ fxg5 39. fxg5+ Kxg5
40. Qd8+ Kh6 41. Rh4+ Kg7 42. Qc7+ Kf6 43. Rxh7 Qe5+ 44. Qxe5+ Kxe5 45. Rxa7 Nc4
46. Rc7 Kd4 47. Rg7 Ne5 48. Kg1 1/2-1/2

[Event "7th Batavia GM 2015"]
[Site "Amsterdam NED"]
[Date "2015.02.27"]
[Round "7.3"]
[White "Kevlishvili, Robby"]
[Black "Heimann, Andreas"]
[Result "1-0"]
[WhiteTitle "FM"]
[BlackTitle "IM"]
[WhiteElo "2347"]
[BlackElo "2539"]
[WhiteFideId "1040634"]
[BlackFideId "24624632"]
[EventDate "2015.02.20"]

1. e4 e5 2. Nf3 Nc6 3. Bb5 a6 4. Ba4 Nf6 5. O-O Be7 6. Re1 b5 7. Bb3 d6 8. c3
O-O 9. h3 Bb7 10. d4 Nd7 11. a3 Na5 12. Ba2 exd4 13. cxd4 c5 14. Nc3 c4 15. Bf4
Re8 16. Qc2 Nf8 17. Rad1 Ng6 18. Bg3 d5 19. exd5 Bxd5 20. Qf5 Bc6 21. d5 Bd7 22.
Qc2 Bc5 23. Rxe8+ Qxe8 24. Ne4 Bb6 25. Bb1 Nb7 26. Re1 Qd8 27. h4 Bg4 28. d6 f5
29. Neg5 h6 30. Ne6 Qf6 31. Nh2 Nf8 32. Nxg4 fxg4 33. Nxf8 Kxf8 34. Qe4 Qf7 35.
Qe7+ Qxe7 36. dxe7+ Kf7 37. h5 1-0

[Event "7th Batavia GM 2015"]
[Site "Amsterdam NED"]
[Date "2015.02.27"]
[Round "7.4"]
[White "Reinderman, Dimitri"]
[Black "Zwirs, Nico"]
[Result "1/2-1/2"]
[WhiteTitle "GM"]
[WhiteElo "2586"]
[BlackElo "2358"]
[WhiteFideId "1001302"]
[BlackFideId "1036432"]
[EventDate "2015.02.20"]

1. c4 Nf6 2. Nc3 e5 3. Nf3 Nc6 4. g3 g6 5. Bg2 Bg7 6. O-O O-O 7. d3 d6 8. Rb1 a5
9. a3 Re8 10. b4 axb4 11. axb4 e4 12. dxe4 Nxe4 13. Nxe4 Rxe4 14. b5 Nd4 15.
Nxd4 Rxd4 16. Qc2 Be6 17. Rb4 d5 18. cxd5 Rxb4 19. dxe6 fxe6 20. Bxb7 Ra1 21.
Bc6 Qd4 22. Be3 Qc3 23. Qxc3 Rxf1+ 24. Kxf1 Bxc3 25. Kg2 Rb2 26. Kf3 Kf7 27. h4
Rb3 28. Kg2 Be5 29. Bg5 Ra3 30. Be3 Rc3 31. Bg5 Bd4 32. Bd8 Bb6 33. Bg5 e5 34.
Be4 Rc5 35. Bd3 e4 36. Bxe4 Rxb5 37. Bd3 Rc5 38. g4 Kg7 39. f4 Rc1 40. f5 Rg1+
41. Kf3 Bd4 42. Bf4 gxf5 43. gxf5 Rf1+ 44. Ke4 Rxf4+ 45. Kxf4 Kf6 1/2-1/2

[Event "7th Batavia GM 2015"]
[Site "Amsterdam NED"]
[Date "2015.02.27"]
[Round "7.5"]
[White "Schmaltz, Roland"]
[Black "Van Foreest, Jorden"]
[Result "0-1"]
[WhiteTitle "GM"]
[BlackTitle "IM"]
[WhiteElo "2527"]
[BlackElo "2494"]
[WhiteFideId "4614054"]
[BlackFideId "1039784"]
[EventDate "2015.02.20"]

1. e4 c5 2. Nf3 e6 3. d4 cxd4 4. Nxd4 Nc6 5. Nc3 Qc7 6. f4 a6 7. Nxc6 Qxc6 8.
Bd3 b5 9. Qe2 Bb7 10. Bd2 Rc8 11. a3 Bc5 12. O-O-O Ne7 13. Qh5 O-O 14. g4 b4 15.
axb4 Bxb4 16. Rhf1 Qb6 17. Rf3 Rc5 18. Na4 Ra5 19. c3 Qc6 20. f5 Rxa4 21. Rh3
Ra1+ 22. Bb1 h6 23. Re1 Qc4 0-1

[Event "7th Batavia GM 2015"]
[Site "Amsterdam NED"]
[Date "2015.02.28"]
[Round "8.1"]
[White "Reinderman, Dimitri"]
[Black "Goudriaan, Etienne"]
[Result "1-0"]
[WhiteTitle "GM"]
[BlackTitle "IM"]
[WhiteElo "2586"]
[BlackElo "2349"]
[WhiteFideId "1001302"]
[BlackFideId "1021150"]
[EventDate "2015.02.20"]

1. f4 d5 2. Nf3 g6 3. g3 Bg7 4. Bg2 Nf6 5. O-O O-O 6. d3 c5 7. c3 Nc6 8. Na3 b6
9. Qe1 Ba6 10. Rb1 e6 11. b4 cxb4 12. cxb4 Bb7 13. Nc2 Rc8 14. Bb2 Ne7 15. Ncd4
Ne8 16. Qd2 Nd6 17. g4 Qd7 18. b5 f6 19. Qe3 Kf7 20. Bh3 Rce8 21. g5 Nef5 22.
gxf6 Nxe3 23. Ne5+ Kxf6 24. Nxd7+ Ke7 25. Nxf8 Nxf1 26. Nfxe6 Bxd4+ 27. Bxd4 Bc8
28. f5 gxf5 29. Nf4 Nd2 30. Rb2 Rg8+ 31. Kf2 N2c4 32. Nxd5+ 1-0

[Event "7th Batavia GM 2015"]
[Site "Amsterdam NED"]
[Date "2015.02.28"]
[Round "8.2"]
[White "Soors, Stef"]
[Black "Schmaltz, Roland"]
[Result "1-0"]
[WhiteTitle "IM"]
[BlackTitle "GM"]
[WhiteElo "2407"]
[BlackElo "2527"]
[WhiteFideId "209511"]
[BlackFideId "4614054"]
[EventDate "2015.02.20"]

1. e4 c5 2. Nf3 e6 3. c3 Nf6 4. e5 Nd5 5. Bc4 Nb6 6. Bb3 d5 7. exd6 Bxd6 8. d4
N8d7 9. O-O O-O 10. Nbd2 Nf6 11. dxc5 Bxc5 12. Qe2 Nbd7 13. Re1 b6 14. Ne4 Bb7
15. Nxc5 Nxc5 16. Bc2 Qc7 17. Ne5 Be4 18. Bf4 Bxc2 19. Qxc2 Nh5 20. Bd2 Rad8 21.
b4 Nd7 22. Nd3 Rc8 23. a4 Nhf6 24. Rac1 e5 25. Qb3 Rfe8 26. c4 e4 27. Nf4 Qe5
28. h3 Qf5 29. Qg3 Rc6 30. Bc3 g6 31. Bb2 Rec8 32. Red1 Rxc4 33. Rxc4 Rxc4 34.
Qb3 Rc8 35. Nd5 Nxd5 36. Rxd5 Qe6 37. Qd1 Rc7 38. Rd6 Qe7 39. Qd4 f6 40. Qd5+
Kg7 41. Bd4 Ne5 42. Re6 Rc1+ 43. Kh2 Qc7 44. Bxe5 fxe5 45. Rd6 Kh6 46. Rd7 Qc3
47. Qxe4 1-0

[Event "7th Batavia GM 2015"]
[Site "Amsterdam NED"]
[Date "2015.02.28"]
[Round "8.3"]
[White "Van Foreest, Jorden"]
[Black "Kevlishvili, Robby"]
[Result "0-1"]
[WhiteTitle "IM"]
[BlackTitle "FM"]
[WhiteElo "2494"]
[BlackElo "2347"]
[WhiteFideId "1039784"]
[BlackFideId "1040634"]
[EventDate "2015.02.20"]

1. e4 c5 2. Nf3 d6 3. d4 cxd4 4. Nxd4 Nf6 5. Nc3 a6 6. Bg5 e6 7. f4 h6 8. Bh4
Qb6 9. Qd2 Qxb2 10. Rb1 Qa3 11. e5 dxe5 12. fxe5 g5 13. Bg3 Nh5 14. Ne4 Nd7 15.
Rb3 Qxa2 16. Be2 Qa1+ 17. Bd1 Nc5 18. Nxc5 Nxg3 19. hxg3 Bxc5 20. c3 Qa5 21. O-O
Qc7 22. Bh5 Rf8 23. Qe1 Bd7 24. Kh2 O-O-O 25. Bf3 b5 26. Qe4 Qb6 27. Rb2 Kc7 28.
Ra1 h5 29. c4 Bxd4 30. cxb5 Bxb5 31. Rc1+ Kd7 32. Rc4 Bxb2 33. Qd3+ 0-1

[Event "7th Batavia GM 2015"]
[Site "Amsterdam NED"]
[Date "2015.02.28"]
[Round "8.4"]
[White "Zwirs, Nico"]
[Black "Heimann, Andreas"]
[Result "1-0"]
[BlackTitle "IM"]
[WhiteElo "2358"]
[BlackElo "2539"]
[WhiteFideId "1036432"]
[BlackFideId "24624632"]
[EventDate "2015.02.20"]

1. e4 e5 2. Nf3 Nc6 3. Bc4 Nf6 4. d3 Bc5 5. c3 O-O 6. O-O d5 7. exd5 Nxd5 8. Re1
Bg4 9. h3 Bh5 10. Nbd2 Nb6 11. b4 Be7 12. b5 Na5 13. g4 Nbxc4 14. Nxc4 Nxc4 15.
dxc4 Qxd1 16. Rxd1 e4 17. gxh5 exf3 18. Bf4 Rfe8 19. Rd3 c6 20. Re1 Bc5 21.
Rxe8+ Rxe8 22. Rd7 h6 23. Be3 Bxe3 24. fxe3 Re4 25. Rxb7 Rxc4 26. Rc7 Rxc3 27.
bxc6 Rc1+ 28. Kf2 Rc2+ 29. Kxf3 Rxa2 30. Rb7 Rc2 31. c7 Kh7 32. Rxa7 Rc4 33. e4
g5 34. e5 Kg7 35. e6 Rc3+ 36. Ke4 f5+ 37. Kd4 1-0

[Event "7th Batavia GM 2015"]
[Site "Amsterdam NED"]
[Date "2015.02.28"]
[Round "8.5"]
[White "Gormally, Daniel W"]
[Black "Ootes, Lars"]
[Result "1-0"]
[WhiteTitle "GM"]
[WhiteElo "2489"]
[BlackElo "2366"]
[WhiteFideId "406465"]
[BlackFideId "1019708"]
[EventDate "2015.02.20"]

1. e4 d6 2. d4 g6 3. Nc3 Bg7 4. Be3 a6 5. h4 Nf6 6. Be2 h5 7. Nh3 b5 8. a3 Bxh3
9. Rxh3 Nbd7 10. f4 e5 11. dxe5 dxe5 12. f5 Qe7 13. Nd5 Qd6 14. fxg6 fxg6 15. c4
Nxd5 16. cxd5 c5 17. dxc6 Qxc6 18. Qb3 Rf8 19. Rc1 Qf6 20. Qd5 Nb6 21. Qb7 Bh6
22. Rc6 1-0

[Event "7th Batavia GM 2015"]
[Site "Amsterdam NED"]
[Date "2015.03.01"]
[Round "9.1"]
[White "Ootes, Lars"]
[Black "Reinderman, Dimitri"]
[Result "1/2-1/2"]
[BlackTitle "GM"]
[WhiteElo "2366"]
[BlackElo "2586"]
[WhiteFideId "1019708"]
[BlackFideId "1001302"]
[EventDate "2015.02.20"]

1. e4 c5 2. Nf3 Nc6 3. d4 cxd4 4. Nxd4 g6 5. Nc3 Bg7 6. Be3 Nf6 7. Bc4 O-O 8.
Bb3 e6 9. h4 d5 10. h5 Nxe4 11. hxg6 hxg6 12. Nxc6 Nxc3 13. Qf3 bxc6 14. Qh3 f5
15. Bd4 Rf6 16. Bxc3 Kf7 17. O-O-O a5 18. Be5 a4 19. Bc4 Bd7 20. Qc3 Kg8 21. Rh3
Qe7 22. Rdh1 Raf8 23. Be2 c5 24. f4 Bc6 25. Bf3 d4 26. Qa3 Bxf3 27. Qxf3 g5 28.
fxg5 Rg6 29. Rh8+ Kf7 30. Bxg7 Qxg5+ 31. Kb1 Rxg7 32. Qb7+ Qe7 33. Rxf8+ Kxf8
34. Rh8+ Kf7 35. Qa8 Kf6 36. Rh6+ Kg5 37. Qh8 Kf4 38. Rh4+ Rg4 39. Rh1 Qg7 40.
Rf1+ Ke5 41. Re1+ Kf6 42. Qb8 Re4 43. Rxe4 fxe4 44. Qf4+ Ke7 45. Qc7+ Kf6 46.
Qf4+ Ke7 47. Qc7+ Kf6 48. Qf4+ Ke7 49. Qc7+ 1/2-1/2

[Event "7th Batavia GM 2015"]
[Site "Amsterdam NED"]
[Date "2015.03.01"]
[Round "9.2"]
[White "Heimann, Andreas"]
[Black "Van Foreest, Jorden"]
[Result "1-0"]
[WhiteTitle "IM"]
[BlackTitle "IM"]
[WhiteElo "2539"]
[BlackElo "2494"]
[WhiteFideId "24624632"]
[BlackFideId "1039784"]
[EventDate "2015.02.20"]

1. e4 c5 2. Nf3 e6 3. d4 cxd4 4. Nxd4 Nc6 5. Nc3 Qc7 6. Be3 a6 7. Qf3 Bd6 8.
O-O-O Be5 9. g3 Nf6 10. Qe2 b5 11. f4 Bxd4 12. Bxd4 Nxd4 13. Rxd4 Qc5 14. Qd2
Bb7 15. Bg2 O-O 16. Rd1 e5 17. fxe5 Qxe5 18. Bf3 Rac8 19. Qf4 Rfe8 20. R1d3 h6
21. a3 Rc5 22. Kb1 Re6 23. a4 g5 24. Qxe5 Rcxe5 25. Nd5 Bxd5 26. exd5 Re1+ 27.
Ka2 R6e3 28. axb5 axb5 29. Rb3 d6 30. Bd1 h5 31. Rxb5 g4 32. c4 Re8 33. c5 Ra8+
34. Kb3 dxc5 35. Rxc5 Rb8+ 36. Ka2 Rh1 37. Rc2 Ra8+ 38. Kb3 Rb8+ 39. Ka3 Ra8+
40. Kb3 Rb8+ 41. Ka2 Ra8+ 42. Kb1 Rd8 43. d6 Kg7 44. b4 Rd7 45. Kb2 Ne4 46. Bxg4
hxg4 47. Rxe4 Rxd6 48. Rxg4+ Kh7 49. b5 Re1 50. Rb4 Rdd1 51. b6 Kg7 52. Kb3 Rd8
53. Ka4 Rb8 54. Ka5 Re5+ 55. Ka6 Ra8+ 56. Kb7 Ree8 57. Rc7 Reb8+ 58. Kc6 Ra2 59.
b7 Rxh2 60. Rc8 Rc2+ 61. Kd7 Rxb7+ 62. Rxb7 Rd2+ 63. Ke8 1-0

[Event "7th Batavia GM 2015"]
[Site "Amsterdam NED"]
[Date "2015.03.01"]
[Round "9.3"]
[White "Kevlishvili, Robby"]
[Black "Soors, Stef"]
[Result "1/2-1/2"]
[WhiteTitle "FM"]
[BlackTitle "IM"]
[WhiteElo "2347"]
[BlackElo "2407"]
[WhiteFideId "1040634"]
[BlackFideId "209511"]
[EventDate "2015.02.20"]

1. e4 c6 2. d4 d5 3. Nc3 dxe4 4. Nxe4 Bf5 5. Ng3 Bg6 6. h4 h6 7. Nf3 Nd7 8. h5
Bh7 9. Bd3 Bxd3 10. Qxd3 e6 11. Bd2 Ngf6 12. O-O-O Be7 13. Kb1 Qb6 14. Ne4 Rd8
15. Nxf6+ Nxf6 16. Qe2 Qb5 17. c4 Qf5+ 18. Ka1 O-O 19. Be3 c5 20. Ne5 cxd4 21.
Bxd4 Bd6 22. g4 Qe4 23. Qxe4 Nxe4 24. f4 Bc5 25. Bxc5 Nxc5 26. Rhe1 a5 27. Kb1
f6 28. Ng6 Rfe8 29. Kc2 Kf7 30. b3 Nd7 31. Kc3 Nf8 32. Rxd8 Rxd8 33. Nxf8 Rxf8
34. a3 Ke7 35. Rg1 Rd8 36. b4 axb4+ 37. axb4 e5 38. fxe5 fxe5 39. g5 e4 40. gxh6
gxh6 41. c5 Ke6 42. Rg6+ Kf5 43. Rg7 e3 44. Rxb7 Re8 45. Rf7+ Ke4 46. Rf1 e2 47.
Re1 Kd5 48. Kd3 Re4 49. b5 Rd4+ 50. Ke3 Kxc5 51. Rxe2 Rh4 52. Rb2 Kb6 53. Kf3
Rxh5 54. Kg4 Rxb5 55. Rxb5+ Kxb5 56. Kh5 Kc4 57. Kxh6 1/2-1/2